[Event "FRA-chT2 0910"]
[Site "France"]
[Date "2009.11.22"]
[Round "4.6"]
[White "Auvray, Simon"]
[Black "Argaud, Jean Philippe"]
[Result "1-0"]
[WhiteElo "2008"]
[BlackElo "1903"]
[PlyCount "30"]
[EventDate "2009.09.27"]
[EventType "team-tourn"]
[EventRounds "11"]
[EventCountry "FRA"]
[SourceTitle "EXT 2011"]
[Source "ChessBase"]
[SourceDate "2010.11.26"]
[SourceVersion "1"]
[SourceVersionDate "2010.11.26"]
[SourceQuality "1"]

1. e4 Nf6 2. e5 Nd5 3. d4 d6 4. Bc4 Nb6 5. Bb3 dxe5 6. Qh5 e6 7. dxe5 Nc6 8. Nf3 Nd7 9. Bf4 g6 10. Qg4 h5 11. Qg3 Nc5 12. Nc3 Nxb3 13. axb3 Bb4 14. 0-0 Bxc3 15. bxc3 Qe7 1-0